000 00522nam a2200181Ia 4500
005 20250326142812.0
008 250326s9999 xx 000 0 und d
037 _aTextbook
040 _aFMSL
_beng
_cFMSL
041 _aeng
_2eng
084 _aX9W M4
_qFMSL
100 _aGupta A K
245 0 _aPublic enterprises: Economic development and resource mobilisation
_cGupta A K
260 _aNew Delhi
_bNew Delhi, Deep and Deep
_c1984
300 _a336p
942 _cTB
_hX9W M4
999 _c1296698
_d1296698